000 01064cam a2200301 i 4500
005 20250429224205.0
008 160729s2015 ck a gr 000 0 spa d
020 _a9789585885820
040 _aCO-CtgCURN
_bspa
_ccoctgcurn
043 _as-ck---
082 0 4 _a363.2
_bL195
_221
100 1 _aLalinde Ordóñez, Sebastián,
_eautor.
245 1 0 _aRequisas, ¿a discresión? :
_buna tensión entre seguridad e intimidad /
_cSebastián Lalinde Ordóñez.
250 _aPrimera edición.
260 _aBogotá :
_bDejusticia,
_c2015.
300 _a146 páginas :
_bilustraciones ;
_c24 cm.
336 _atexto
_btxt
_2rdacontent
337 _asin mediación
_bn
_2rdamedia
338 _avolumen
_bnc
_2rdacarrier
504 _aIncluye referencias bibliográficas.
596 _a2
650 1 4 _aPolicía
_zColombia.
650 2 4 _aSeguridad ciudadana
_zColombia.
650 2 4 _aBrutalidad policial
_zColombia.
650 2 4 _aVida privada
_zColombia.
942 _2ddc
_aMHC
_bMHC
_cBK
_h363.2
_iL195
999 _c42239
_d42239